| 000 | 00378 a2200133 4500 | ||
|---|---|---|---|
| 005 | 20250403090907.0 | ||
| 082 | _a519 WHI | ||
| 100 | _aWHITMORE, G. A. | ||
| 245 | _aSelf - Correcting problems in Statistics. | ||
| 260 |
_aBoston, _bAllyn and Bacon, _c1970. |
||
| 300 |
_ax, 340p.: ill.; figure, table _bReferences _c28cm |
||
| 700 | _aNETER, J. and WASSERMAN, W. | ||
| 942 |
_2ddc _cBKS |
||
| 999 |
_c1051 _d1051 |
||